| 000 | nam a22 a 4500 | ||
|---|---|---|---|
| 999 |
_c115714 _d115714 |
||
| 003 | BLK | ||
| 005 | 20211227103338.0 | ||
| 008 | 180409b bul|||||r ||||||| ||bul|| | ||
| 010 | _aKNG00121208000 | ||
| 040 | _aBLK | ||
| 041 |
_aBUL _cBUL |
||
| 080 |
_aМеждународни политически отношения. Световна политика. Международна политика. Дипломация _b327 _x(091) _z327(091) |
||
| 139 |
_aИстория на дипломацията _bИ 95 |
||
| 245 | 1 | 0 |
_aИстория на дипломацията _bТ. 1 - За том: 1871 - 1914 _cавт. на том Владимир Михайлович Хвостов; прев. от рус. на том Йордан Чобанов. _nТ. 2 _pДипломацията в ново време |
| 250 | _a2. прераб. и доп. изд. | ||
| 257 | _aSUN | ||
| 260 |
_aСофия _bБКП _c1961 - |
||
| 300 | _c21 см | ||
| 380 | _a3 | ||
| 500 | _aПрев. от 2. прераб. и доп. съв. изд. - 1. изд. 1946-1949. | ||
| 650 | 4 |
_aДипломация - история _9260492 |
|
| 653 | _aдипломация | ||
| 653 | _aистория | ||
| 700 | 1 |
_aХвостов, Владимир Михайлович _eавт. на том _9136599 |
|
| 700 | 1 |
_aЧобанов, Йордан _eпрев. от рус. на том _9314288 |
|
| 760 | 1 |
_b2. прераб. и доп. изд. _d1965 _h952 с. _nБиблиогр. под линия _tТ. 2 Дипломацията в ново време |
|
| 852 |
_aЦб 20138 _bЦб |
||
| 856 | 4 | _qpdf | |
| 856 | 4 | _qpdf | |
| 942 |
_cKNG _n0 _s1 |
||
| 944 |
_aCR _c05.02.2011 _lдобави в АБ / 04.02.2011 _kГеновева_Генчева |
||
| 944 |
_aED _c05.02.2011 _lдобави в АБ / 04.02.2011 |
||
| 999 | _d115714 | ||